[Event "FRA-ch (Women) 83rd"]
[Site "Pau"]
[Date "2008.08.22"]
[Round "11"]
[White "Flear, Christine"]
[Black "Lallemand, Roza"]
[Result "1/2-1/2"]
[WhiteElo "2133"]
[BlackElo "2285"]
[PlyCount "73"]
[EventDate "2008.08.11"]
[EventType "tourn"]
[EventRounds "11"]
[EventCountry "FRA"]
[EventCategory "1"]
[SourceTitle "CBM 125 Extra"]
[Source "ChessBase"]
[SourceDate "2008.09.01"]
[SourceVersion "1"]
[SourceVersionDate "2008.09.01"]
[SourceQuality "1"]

1. d4 Nf6 2. c4 c5 3. d5 e5 4. Nc3 d6 5. e4 Be7 6. g3 0-0 7. Bg2 Ne8 8. Nge2 Bg5 9. f4 exf4 10. gxf4 Bh4+ 11. Ng3 f5 12. e5 dxe5 13. fxe5 f4 14. 0-0 fxg3 15. Rxf8+ Kxf8 16. Qf3+ Kg8 17. hxg3 Nd7 18. gxh4 Nxe5 19. Qe2 Nf7 20. Bg5 Nxg5 21. hxg5 Nd6 22. Ne4 Bf5 23. Nxd6 Qxd6 24. Qe3 b6 25. Re1 Rf8 26. Qe7 Qf4 27. b3 Qd4+ 28. Kh1 Qh4+ 29. Kg1 Qd4+ 30. Kh1 Qh4+ 31. Kg1 Qd4+ 32. Qe3 Kf7 33. d6 Qxe3+ 34. Rxe3 Rd8 35. Bd5+ Kg6 36. Re7 Rd7 37. Re5 1/2-1/2

[Event "FRA-chT Top 12 (Women)"]
[Site "Vandoeuvre"]
[Date "2008.05.16"]
[Round "1"]
[White "Daya, Mouna"]
[Black "Lallemand, Roza"]
[Result "0-1"]
[WhiteElo "1947"]
[BlackElo "2259"]
[PlyCount "90"]
[EventDate "2008.05.16"]
[EventType "team"]
[EventRounds "5"]
[EventCountry "FRA"]
[SourceTitle "CBM 124 Extra"]
[Source "ChessBase"]
[SourceDate "2008.07.03"]
[SourceVersion "1"]
[SourceVersionDate "2008.07.03"]
[SourceQuality "1"]
[WhiteTeam "JEEN (W)"]
[BlackTeam "Bischwiller (W)"]
[WhiteTeamCountry "FRA"]
[BlackTeamCountry "FRA"]

1. e4 c5 2. Nf3 Nc6 3. d4 cxd4 4. Nxd4 e6 5. Be3 Nf6 6. Bd3 Qc7 7. f4 Nxd4 8. Bxd4 Qxf4 9. g3 Qc7 10. Qf3 e5 11. Bc3 Bc5 12. g4 d6 13. h3 Be6 14. Nd2 h6 15. 0-0-0 0-0-0 16. Kb1 Bb6 17. Nb3 Rhe8 18. Rhe1 a6 19. Qf1 Kb8 20. Nd2 Rc8 21. Nb3 Bd7 22. Qe2 d5 23. Bb4 d4 24. c3 a5 25. Ba3 a4 26. Nd2 dxc3 27. Rc1 cxd2 28. Rxc7 dxe1R+ 29. Qxe1 Bxc7 30. Bc5 Bc6 31. Qb4 Rcd8 32. Bc2 Rd7 33. a3 Red8 34. Bxa4 Bxe4+ 35. Ka1 Rd2 36. Be3 Re2 37. Qc5 Re1+ 38. Ka2 Bb1+ 39. Ka1 Bc2+ 40. Ka2 Bxa4 41. Qa7+ Kc8 42. Qa8+ Bb8 43. Ba7 Bc6 44. Bxb8 Rd2 45. Bxe5+ Kd7 0-1

[Event "FRA-chT Top 16 GpB"]
[Site "France"]
[Date "2008.04.10"]
[Round "4"]
[White "Lallemand, Roza"]
[Black "Eliet, Nicolas"]
[Result "1/2-1/2"]
[WhiteElo "2246"]
[BlackElo "2453"]
[PlyCount "80"]
[EventDate "2008.03.22"]
[EventType "team"]
[EventRounds "7"]
[EventCountry "FRA"]
[SourceTitle "CBM 123 Extra"]
[Source "ChessBase"]
[SourceDate "2008.05.06"]
[SourceVersion "1"]
[SourceVersionDate "2008.05.06"]
[SourceQuality "1"]

1. e4 c6 2. d4 d5 3. Nd2 dxe4 4. Nxe4 Nd7 5. Bc4 Ngf6 6. Ng5 e6 7. Qe2 Nb6 8. Bd3 h6 9. N5f3 c5 10. dxc5 Bxc5 11. Ne5 Nbd7 12. Ngf3 0-0 13. Bd2 Nxe5 14. Nxe5 Qd5 15. 0-0 b5 16. Kh1 Bb7 17. f3 Bd4 18. Rae1 a6 19. Bb4 Rfc8 20. b3 Bc3 21. Bxc3 Rxc3 22. Rd1 Qc5 23. Rfe1 Qc7 24. Ra1 Rd8 25. a4 Rc5 26. axb5 axb5 27. b4 Rcd5 28. Ra5 Qd6 29. Rxb5 Rxb5 30. Bxb5 Qxb4 31. Bd3 Qd6 32. Rb1 Ba8 33. Qe3 Nd5 34. Qe4 f5 35. Qd4 Qc7 36. Ra1 Nb6 37. Qe3 Nd5 38. Qd4 Nb6 39. Qe3 Qc3 40. Qe1 Qc7 1/2-1/2

[Event "FRA-chT Top 16 GpB"]
[Site "France"]
[Date "2008.03.23"]
[Round "2"]
[White "Leconte, Maria"]
[Black "Lallemand, Roza"]
[Result "1/2-1/2"]
[WhiteElo "2345"]
[BlackElo "2246"]
[PlyCount "54"]
[EventDate "2008.03.22"]
[EventType "team"]
[EventRounds "7"]
[EventCountry "FRA"]
[SourceTitle "CBM 123 Extra"]
[Source "ChessBase"]
[SourceDate "2008.05.06"]
[SourceVersion "1"]
[SourceVersionDate "2008.05.06"]
[SourceQuality "1"]

1. e4 g6 2. d4 d6 3. Nc3 Bg7 4. Be3 a6 5. Qd2 b5 6. Bd3 Bb7 7. Nf3 Nf6 8. Bh6 0-0 9. h4 Bxh6 10. Qxh6 Ng4 11. Qg5 h5 12. Nh2 Nxh2 13. Rxh2 e5 14. dxe5 Qxg5 15. hxg5 dxe5 16. g4 hxg4 17. 0-0-0 Kg7 18. Be2 Nc6 19. Bxg4 Nd4 20. f4 c5 21. fxe5 Rae8 22. Rdh1 Rg8 23. Rh7+ Kf8 24. Rf1 Rg7 25. Rh8+ Rg8 26. Rh7 Rg7 27. Rh8+ Rg8 1/2-1/2

[Event "Cappelle op 24th"]
[Site "Cappelle la Grande"]
[Date "2008.02.18"]
[Round "3"]
[White "Lallemand, Roza"]
[Black "Cossin, Sebastien"]
[Result "0-1"]
[WhiteElo "2246"]
[BlackElo "2438"]
[PlyCount "74"]
[EventDate "2008.02.16"]
[EventType "swiss"]
[EventRounds "9"]
[EventCountry "FRA"]
[SourceTitle "CBM 122 Extra"]
[Source "ChessBase"]
[SourceDate "2008.03.04"]
[SourceVersion "1"]
[SourceVersionDate "2008.03.04"]
[SourceQuality "1"]

1. e4 c5 2. Nf3 d6 3. d4 cxd4 4. Qxd4 Nc6 5. Bb5 Bd7 6. Bxc6 Bxc6 7. Nc3 e5 8. Qd3 h6 9. Be3 Nf6 10. 0-0-0 a6 11. h3 Qc7 12. g4 0-0-0 13. g5 hxg5 14. Bxg5 Be7 15. Bxf6 Bxf6 16. Nd5 Qa5 17. Qb3 Qc5 18. Rh2 Rh7 19. Rd3 Qb5 20. Qxb5 Bxb5 21. c4 Bc6 22. Kd2 Rh6 23. Ke2 Rdh8 24. Rg2 Kd7 25. Ng5 Ke8 26. b4 Rh4 27. Re3 R8h5 28. Nf3 Rxh3 29. Kd2 Rh1 30. Nxf6+ gxf6 31. Rg8+ Ke7 32. Ne1 R5h4 33. f3 f5 34. Ng2 R4h2 35. Kd3 Rg1 36. Re2 fxe4+ 37. fxe4 f5 0-1

[Event "FRA-ch (Women)"]
[Site "Aix les Bains"]
[Date "2007.08.23"]
[Round "10"]
[White "Flear, Christine"]
[Black "Lallemand, Roza"]
[Result "1-0"]
[WhiteElo "2161"]
[BlackElo "2235"]
[PlyCount "69"]
[EventDate "2007.08.13"]
[EventType "tourn"]
[EventRounds "11"]
[EventCountry "FRA"]
[SourceTitle "CBM 120 Extra"]
[Source "ChessBase"]
[SourceDate "2007.11.01"]
[SourceVersion "1"]
[SourceVersionDate "2007.11.01"]
[SourceQuality "1"]

1. d4 g6 2. c4 Bg7 3. e4 d6 4. Nc3 Nf6 5. Be2 0-0 6. Bg5 h6 7. Be3 Nc6 8. d5 Ne5 9. f4 Neg4 10. Bd2 h5 11. h3 Nh6 12. Nf3 e6 13. 0-0 c6 14. dxe6 fxe6 15. Qc2 e5 16. c5 exf4 17. Bxf4 dxc5 18. Bc4+ Kh8 19. Rad1 Qe8 20. Nh4 Nh7 21. Rd8 Bd4+ 22. Rxd4 cxd4 23. Be5+ Nf6 24. Rxf6 Rxf6 25. Bxf6+ Kh7 26. Nf3 g5 27. Nxg5+ Kg6 28. e5+ Bf5 29. Nce4 c5 30. Qe2 d3 31. Bxd3 Nf7 32. Ng3 Nxe5 33. Bxe5 Kxg5 34. Bxf5 Rd8 35. Qe3+ 1-0

[Event "FRA-ch (Women)"]
[Site "Aix les Bains"]
[Date "2007.08.18"]
[Round "6"]
[White "Alexieva, Silvia"]
[Black "Lallemand, Roza"]
[Result "1/2-1/2"]
[WhiteElo "2393"]
[BlackElo "2235"]
[PlyCount "91"]
[EventDate "2007.08.13"]
[EventType "tourn"]
[EventRounds "11"]
[EventCountry "FRA"]
[SourceTitle "CBM 120 Extra"]
[Source "ChessBase"]
[SourceDate "2007.11.01"]
[SourceVersion "1"]
[SourceVersionDate "2007.11.01"]
[SourceQuality "1"]

1. d4 g6 2. e4 Bg7 3. Nf3 d6 4. h3 c5 5. dxc5 Qa5+ 6. c3 Qxc5 7. Bd3 Nf6 8. Be3 Qc7 9. a4 0-0 10. Na3 Nbd7 11. Nb5 Qb8 12. a5 d5 13. exd5 Nxd5 14. Bc1 Nf4 15. Bf1 Nf6 16. g3 N4h5 17. Bg2 Be6 18. Ra4 Bd7 19. Rb4 Rd8 20. Qe2 Nd5 21. Rb3 a6 22. c4 Ndf4 23. gxf4 axb5 24. cxb5 Rxa5 25. 0-0 Be6 26. Rb4 Qd6 27. Re4 Nf6 28. Rd4 Nd5 29. Rdd1 Qc5 30. Ng5 Qxb5 31. Qf3 Rc8 32. Nxe6 fxe6 33. Qg4 Qc6 34. Rfe1 Kf7 35. Bd2 Rc5 36. b4 Rc4 37. b5 Qb6 38. Ba5 Qd6 39. Rxe6 Nf6 40. Rxf6+ Qxf6 41. Bd5+ Kf8 42. Bxc4 Rxc4 43. Rd8+ Kf7 44. Bd2 Qe6 45. Qf3 Re4 46. Be3 1/2-1/2

[Event "FRA-ch (Women)"]
[Site "Aix les Bains"]
[Date "2007.08.13"]
[Round "1"]
[White "Wohlers Armas, Friederike"]
[Black "Lallemand, Roza"]
[Result "1-0"]
[WhiteElo "2120"]
[BlackElo "2235"]
[PlyCount "95"]
[EventDate "2007.08.13"]
[EventType "tourn"]
[EventRounds "11"]
[EventCountry "FRA"]
[SourceTitle "CBM 120 Extra"]
[Source "ChessBase"]
[SourceDate "2007.11.01"]
[SourceVersion "1"]
[SourceVersionDate "2007.11.01"]
[SourceQuality "1"]

1. d4 Nf6 2. c4 g6 3. Nc3 Bg7 4. e4 d6 5. f3 0-0 6. Be3 Nc6 7. Nge2 a6 8. Qd2 Rb8 9. Bh6 b5 10. Bxg7 Kxg7 11. cxb5 axb5 12. d5 Ne5 13. Nd4 b4 14. Ncb5 Bd7 15. Qxb4 c5 16. dxc6 Nxc6 17. Nxc6 Bxc6 18. a4 Qb6 19. Qd4 Qa6 20. b4 Qb7 21. Be2 Bxb5 22. Bxb5 Rfd8 23. 0-0 e5 24. Qe3 Nh5 25. g3 d5 26. exd5 Qxd5 27. Rad1 Qxd1 28. Qxe5+ Nf6 29. Rxd1 Rxd1+ 30. Kg2 Rd2+ 31. Kh3 Rc8 32. g4 h6 33. f4 Rd5 34. Qb2 g5 35. fxg5 hxg5 36. Be2 Rcd8 37. Bf3 Rd4 38. b5 Rf4 39. Kg2 Rd3 40. b6 Kh6 41. b7 Nd7 42. Qh8+ Kg6 43. Qh5+ Kf6 44. Qh6+ Ke7 45. Qxg5+ Rf6 46. Bc6 Nb8 47. Qe5+ Re6 48. Qxb8 1-0

[Event "FRA-chT Top 16 GpA"]
[Site "France"]
[Date "2007.04.29"]
[Round "5"]
[White "Leconte, Maria"]
[Black "Lallemand, Roza"]
[Result "1/2-1/2"]
[WhiteElo "2377"]
[BlackElo "2202"]
[PlyCount "82"]
[EventDate "2007.02.09"]
[EventType "team"]
[EventRounds "11"]
[EventCountry "FRA"]
[SourceTitle "CBM 118 Extra"]
[Source "ChessBase"]
[SourceDate "2007.07.04"]
[SourceVersion "1"]
[SourceVersionDate "2007.07.04"]
[SourceQuality "1"]
[WhiteTeam "Cannes"]
[BlackTeam "Bischwiller"]
[WhiteTeamCountry "FRA"]
[BlackTeamCountry "FRA"]

1. e4 d6 2. d4 g6 3. Nc3 Bg7 4. Be3 a6 5. a4 Nf6 6. h3 0-0 7. Nf3 c6 8. Bd3 Nbd7 9. 0-0 e5 10. dxe5 dxe5 11. Qd2 a5 12. Ne2 Qe7 13. Qc3 h6 14. Ng3 Re8 15. Nd2 Bf8 16. Nb3 Qd8 17. Qd2 Qc7 18. Bxh6 c5 19. Bxf8 Nxf8 20. Qc3 Ne6 21. Bc4 Nf4 22. Nxc5 Bxh3 23. gxh3 Rec8 24. Nd3 Qxc4 25. Qxe5 Nxh3+ 26. Kg2 Ng4 27. Qb5 Qxb5 28. axb5 Nhxf2 29. Rxf2 Nxf2 30. Kxf2 Rxc2+ 31. Ke3 Kg7 32. Nh1 Rh8 33. Nhf2 b6 34. e5 f6 35. exf6+ Kxf6 36. Ne4+ Kg7 37. Rg1 Rh3+ 38. Kd4 Rh4 39. Re1 Rhh2 40. Rg1 Rh4 41. Re1 Rg2 1/2-1/2

[Event "Warsaw AIG Life rapid 6th"]
[Site "Warsaw"]
[Date "2006.12.17"]
[Round "9"]
[White "Lallemand, Roza"]
[Black "Socko, Monika"]
[Result "0-1"]
[WhiteElo "2202"]
[BlackElo "2473"]
[PlyCount "212"]
[EventDate "2006.12.16"]
[EventType "swiss (rapid)"]
[EventRounds "13"]
[EventCountry "POL"]
[SourceTitle "CBM 115 Extra"]
[Source "ChessBase"]
[SourceDate "2007.01.10"]
[SourceVersion "1"]
[SourceVersionDate "2007.01.10"]
[SourceQuality "1"]

1. e4 g6 2. d4 d6 3. Nc3 Bg7 4. f4 Nf6 5. Nf3 0-0 6. Be2 Na6 7. 0-0 c5 8. d5 Nc7 9. a4 Rb8 10. Bc4 a6 11. e5 Nd7 12. Qe2 b5 13. axb5 axb5 14. Nxb5 Nxb5 15. Bxb5 Nb6 16. c4 Qc7 17. Bd2 Bd7 18. Bxd7 Qxd7 19. b3 Qf5 20. Qe3 Nd7 21. Ra7 Ra8 22. Nh4 Qg4 23. h3 Qxh4 24. Rxd7 Ra2 25. Be1 Qh6 26. Rxe7 dxe5 27. Bc3 exf4 28. Bxg7 Qxg7 29. Qxf4 Qb2 30. Qf3 Qd4+ 31. Kh1 f5 32. Qe3 Qb2 33. Qe6+ Kh8 34. Qe5+ Qxe5 35. Rxe5 Rd2 36. Ra1 Rf7 37. Ra5 f4 38. d6 f3 39. gxf3 Rxf3 40. Kg1 Rxb3 41. Ra1 Kg7 42. Rd5 Rxd5 43. cxd5 Rd3 44. Ra7+ Kh6 45. d7 Rxd5 46. Kf2 c4 47. Rc7 c3 48. Rxc3 Rxd7 49. Kg3 Rd4 50. Rc5 Rd3+ 51. Kg2 g5 52. Ra5 Kg6 53. Rb5 Re3 54. Ra5 Kh5 55. Rb5 Kg6 56. Ra5 Kf6 57. Rb5 Re5 58. Rb7 h5 59. Rb6+ Kf5 60. Rb4 Rd5 61. Ra4 Rd2+ 62. Kg1 Re2 63. Rb4 Re4 64. Rb2 Re3 65. Kg2 h4 66. Ra2 Kf4 67. Rb2 Rg3+ 68. Kh2 Rd3 69. Kg2 Ke3 70. Rb5 Rd2+ 71. Kg1 Rd1+ 72. Kg2 Rd2+ 73. Kg1 Kf4 74. Rb4+ Kf5 75. Rb5+ Kf4 76. Rb4+ Ke5 77. Rb3 Re2 78. Ra3 Kf4 79. Ra4+ Re4 80. Ra5 Rb4 81. Kg2 Rb2+ 82. Kg1 Re2 83. Rb5 Re3 84. Ra5 Rxh3 85. Ra4+ Kf5 86. Ra5+ Kg4 87. Ra4+ Kh5 88. Ra5 Rd3 89. Kg2 Rd2+ 90. Kh3 Rd3+ 91. Kh2 Rf3 92. Kg2 Re3 93. Kh2 Kg4 94. Ra4+ Kf5 95. Ra8 Kf4 96. Ra4+ Re4 97. Ra8 Re2+ 98. Kg1 g4 99. Ra4+ Kf3 100. Ra3+ Re3 101. Ra1 g3 102. Rf1+ Kg4 103. Ra1 h3 104. Ra4+ Kf3 105. Ra1 Rd3 106. Rb1 Ke2 0-1

[Event "Warsaw AIG Life rapid 6th"]
[Site "Warsaw"]
[Date "2006.12.16"]
[Round "2"]
[White "Lallemand, Roza"]
[Black "Drozdovskij, Yuri"]
[Result "0-1"]
[WhiteElo "2202"]
[BlackElo "2561"]
[PlyCount "78"]
[EventDate "2006.12.16"]
[EventType "swiss (rapid)"]
[EventRounds "13"]
[EventCountry "POL"]
[SourceTitle "CBM 115 Extra"]
[Source "ChessBase"]
[SourceDate "2007.01.10"]
[SourceVersion "1"]
[SourceVersionDate "2007.01.10"]
[SourceQuality "1"]

1. e4 e6 2. d4 d5 3. Nc3 Bb4 4. exd5 exd5 5. Bd3 Nc6 6. a3 Be7 7. Nge2 Bf6 8. Be3 Nge7 9. 0-0 Bf5 10. Ng3 Bxd3 11. Qxd3 h5 12. Nf5 Qd7 13. Nxe7 Nxe7 14. Rfe1 0-0-0 15. Bf4 Ng6 16. Be5 Nxe5 17. dxe5 Be7 18. Rad1 c6 19. b4 Kb8 20. Qd4 Qf5 21. b5 c5 22. Qa4 d4 23. b6 a6 24. Nb5 Qd7 25. Rb1 h4 26. h3 Rh6 27. Qa5 Rg6 28. e6 Qc6 29. f3 Qxf3 30. Qd2 Bg5 31. e7 Re8 32. Qe2 Be3+ 33. Kh1 Qxe2 34. Rxe2 axb5 35. Rxb5 Rxe7 36. a4 c4 37. a5 Rd6 38. Rh5 Rd8 39. Rxh4 d3 0-1

[Event "Olympiad Women-37"]
[Site "Turin"]
[Date "2006.06.04"]
[Round "13"]
[White "Sikorova, Olga"]
[Black "Lallemand, Roza"]
[Result "1-0"]
[WhiteElo "2276"]
[BlackElo "2243"]
[PlyCount "105"]
[EventDate "2006.05.21"]
[EventType "team-swiss"]
[EventRounds "13"]
[EventCountry "ITA"]
[SourceTitle "CBM 112 Extra"]
[Source "ChessBase"]
[SourceDate "2006.07.14"]
[SourceVersion "1"]
[SourceVersionDate "2006.07.14"]
[SourceQuality "1"]
[WhiteTeam "Czech Republic (W)"]
[BlackTeam "France (W)"]
[WhiteTeamCountry "CZE"]
[BlackTeamCountry "FRA"]

1. e4 c5 2. Nf3 Nc6 3. Bb5 g6 4. 0-0 Bg7 5. c3 a6 6. Ba4 d6 7. Re1 b5 8. Bc2 Nf6 9. h3 0-0 10. d4 cxd4 11. cxd4 Bb7 12. Nc3 e5 13. dxe5 dxe5 14. Bg5 h6 15. Be3 Qc7 16. Rc1 Rad8 17. Nd5 Qd6 18. Bb6 Rc8 19. Bb3 Nb4 20. Bc7 Rxc7 21. Nxf6+ Qxf6 22. Rxc7 Ba8 23. Qd7 Kh7 24. a3 Nc6 25. Bxf7 Rd8 26. Qe6 Qxe6 27. Bxe6 Nd4 28. Nxd4 exd4 29. Rd7 Re8 30. Bd5 d3 31. Bxa8 Rxa8 32. b3 a5 33. Rxd3 h5 34. g3 Kh6 35. Kg2 Rc8 36. e5 Bf8 37. a4 bxa4 38. bxa4 Kg5 39. h4+ Kh6 40. Rd7 Bb4 41. Re2 g5 42. hxg5+ Kxg5 43. Rf7 Kg6 44. e6 Re8 45. f4 Be7 46. Kf3 Bb4 47. f5+ Kg5 48. Ke4 Bd6 49. Rg7+ Kf6 50. Rg6+ Ke7 51. Kd5 Rd8 52. f6+ Kf8 53. Kc6 1-0

[Event "Olympiad Women-37"]
[Site "Turin"]
[Date "2006.05.24"]
[Round "4"]
[White "Vajda, Szidonia"]
[Black "Lallemand, Roza"]
[Result "1-0"]
[WhiteElo "2403"]
[BlackElo "2243"]
[PlyCount "127"]
[EventDate "2006.05.21"]
[EventType "team-swiss"]
[EventRounds "13"]
[EventCountry "ITA"]
[SourceTitle "CBM 112 Extra"]
[Source "ChessBase"]
[SourceDate "2006.07.14"]
[SourceVersion "1"]
[SourceVersionDate "2006.07.14"]
[SourceQuality "1"]
[WhiteTeam "Hungary (W)"]
[BlackTeam "France (W)"]
[WhiteTeamCountry "HUN"]
[BlackTeamCountry "FRA"]

1. e4 c5 2. Nf3 d6 3. d4 cxd4 4. Nxd4 Nf6 5. f3 Nc6 6. c4 e6 7. Nc3 Be7 8. Be3 0-0 9. Be2 a6 10. 0-0 Qc7 11. Rc1 Ne5 12. b3 b6 13. Qe1 Bb7 14. Qf2 Rac8 15. Rfd1 Rfe8 16. Na4 Ned7 17. b4 Qb8 18. Nb3 d5 19. exd5 Bxb4 20. Nxb6 Nxb6 21. Bxb6 Bd6 22. g3 exd5 23. c5 Be5 24. Na5 Re6 25. Bf1 Qa8 26. Bh3 Rce8 27. Bxe6 Rxe6 28. c6 Bxc6 29. Nxc6 Rxc6 30. Rxc6 Qxc6 31. Bd4 Bxd4 32. Qxd4 h6 33. Rd2 Qc1+ 34. Kg2 Qc6 35. Qd3 g6 36. Rc2 Qe6 37. Qc3 Kh7 38. Qc6 Qf5 39. Rf2 a5 40. Qc7 Qe6 41. Qxa5 h5 42. Qb4 g5 43. Qb1+ Kg7 44. Qc1 Kg6 45. Qc2+ Kg7 46. Re2 Qd6 47. Qf5 g4 48. Qg5+ Kf8 49. fxg4 d4 50. Qh6+ Kg8 51. Qf4 Qc6+ 52. Qf3 Nd5 53. gxh5 f5 54. Kf2 Qc5 55. Qd3 Nc3 56. Rc2 Qe5 57. Kf1 Qd5 58. Kg1 Qe5 59. Rd2 Qe1+ 60. Kg2 Ne4 61. Re2 Qb4 62. Qb3+ Qxb3 63. axb3 d3 64. Rxe4 1-0

[Event "FRA-chT Poule Haute"]
[Site "Asnieres sur Seine"]
[Date "2006.05.05"]
[Round "9"]
[White "Lallemand, Roza"]
[Black "Moingt, Anne"]
[Result "1/2-1/2"]
[WhiteElo "2279"]
[BlackElo "2169"]
[PlyCount "80"]
[EventDate "2006.05.03"]
[EventType "team-tourn"]
[EventRounds "4"]
[EventCountry "FRA"]
[SourceTitle "EXT 2007"]
[Source "ChessBase"]
[SourceDate "2006.11.23"]
[SourceVersion "1"]
[SourceVersionDate "2006.11.23"]
[SourceQuality "1"]
[WhiteTeam "Bischwiller"]
[BlackTeam "Mulhouse"]
[WhiteTeamCountry "FRA"]
[BlackTeamCountry "FRA"]

1. e4 c5 2. Nf3 d6 3. d4 Nf6 4. Nc3 cxd4 5. Nxd4 Nc6 6. Bc4 Qb6 7. Nb3 e6 8. 0-0 a6 9. Kh1 Be7 10. f4 Qc7 11. Bd3 b5 12. Qf3 Bb7 13. Bd2 b4 14. Nd1 0-0 15. Qh3 e5 16. Ne3 exf4 17. Nd5 Qc8 18. Qxc8 Raxc8 19. Nxe7+ Nxe7 20. Bxb4 Rfe8 21. Rae1 Ng6 22. Na5 Bxe4 23. Bxd6 Bxd3 24. cxd3 Red8 25. Bxf4 Rxd3 26. Rc1 Re8 27. Nc4 Nxf4 28. Rxf4 Nd5 29. Rf2 f6 30. h3 Rc8 31. Rfc2 Nb4 32. Ne5 Rxc2 33. Nxd3 Rxc1+ 34. Nxc1 Kf7 35. a3 Nd5 36. Nd3 Ke6 37. Kg1 Kd6 38. Kf2 a5 39. b3 Nc3 40. Ke3 Kd5 1/2-1/2

[Event "FRA-ch (Women)"]
[Site "Chartres"]
[Date "2005.08.24"]
[Round "9"]
[White "Lallemand, Roza"]
[Black "Moingt, Anne"]
[Result "1-0"]
[WhiteElo "2287"]
[BlackElo "2169"]
[PlyCount "83"]
[EventDate "2005.08.15"]
[EventType "tourn"]
[EventRounds "11"]
[EventCountry "FRA"]
[SourceTitle "CBM 107 Extra"]
[Source "ChessBase"]
[SourceDate "2005.09.01"]
[SourceVersion "1"]
[SourceVersionDate "2005.09.01"]
[SourceQuality "1"]

1. e4 c5 2. Nf3 d6 3. d4 cxd4 4. Nxd4 Nf6 5. Nc3 Nc6 6. Bg5 e6 7. Qd3 Be7 8. Rd1 Nxd4 9. Qxd4 0-0 10. Be2 Qa5 11. Bd2 Qc7 12. 0-0 a6 13. Kh1 b5 14. f4 Bb7 15. Bf3 Rfd8 16. f5 d5 17. exd5 e5 18. Qf2 b4 19. Ne4 Nxd5 20. Qg3 Nf6 21. Bh6 Ne8 22. Bxg7 Nxg7 23. f6 Bf8 24. fxg7 Bxg7 25. Nf6+ Kh8 26. Rxd8+ Rxd8 27. Bxb7 Qxb7 28. Nxh7 Qd5 29. Qh4 Kg8 30. Ng5 f6 31. Qh7+ Kf8 32. Qf5 Ke7 33. Qg6 Rg8 34. Ne4 Bh8 35. Qf5 a5 36. h3 a4 37. Qf3 Rf8 38. Rd1 Qxa2 39. Qf2 Rc8 40. Qa7+ Kf8 41. Nd6 Rxc2 42. Nf5 1-0

[Event "FRA-ch (Women)"]
[Site "Chartres"]
[Date "2005.08.16"]
[Round "2"]
[White "Lallemand, Roza"]
[Black "Milliet, Sophie"]
[Result "0-1"]
[WhiteElo "2287"]
[BlackElo "2321"]
[PlyCount "62"]
[EventDate "2005.08.15"]
[EventType "tourn"]
[EventRounds "11"]
[EventCountry "FRA"]
[SourceTitle "CBM 107 Extra"]
[Source "ChessBase"]
[SourceDate "2005.09.01"]
[SourceVersion "1"]
[SourceVersionDate "2005.09.01"]
[SourceQuality "1"]

1. e4 d6 2. d4 Nf6 3. Nc3 Nbd7 4. Nf3 e5 5. Bc4 Be7 6. 0-0 0-0 7. h3 c6 8. a4 a5 9. dxe5 dxe5 10. Qe2 Qc7 11. Nh4 Nc5 12. f4 Be6 13. Bxe6 Nxe6 14. fxe5 Qxe5 15. Nf3 Bc5+ 16. Kh1 Qg3 17. Qc4 Nh5 18. Ne2 Qg6 19. Ne5 Ng3+ 20. Nxg3 Qxg3 21. Nxf7 Qg6 22. Ne5 Rxf1+ 23. Qxf1 Qxe4 24. Qf7+ Kh8 25. Bd2 Qxe5 26. Re1 Qd5 27. Bc3 Rf8 28. Qxb7 h6 29. Qa6 Rf2 30. Qc8+ Kh7 31. Rg1 Rxc2 0-1

[Event "EU-chT (Women) 15th"]
[Site "Gothenburg"]
[Date "2005.07.30"]
[Round "1"]
[White "Limontaite, Simona"]
[Black "Lallemand, Roza"]
[Result "0-1"]
[WhiteElo "2095"]
[BlackElo "2287"]
[PlyCount "104"]
[EventDate "2005.07.30"]
[EventType "team-swiss"]
[EventRounds "9"]
[EventCountry "SWE"]
[SourceTitle "CBM 107 Extra"]
[Source "ChessBase"]
[SourceDate "2005.09.01"]
[SourceVersion "1"]
[SourceVersionDate "2005.09.01"]
[SourceQuality "1"]
[WhiteTeam "Lithuania (W)"]
[BlackTeam "France (W)"]
[WhiteTeamCountry "LTU"]
[BlackTeamCountry "FRA"]

1. d4 Nf6 2. c4 c5 3. Nf3 cxd4 4. Nxd4 Nc6 5. Nc3 g6 6. e4 d6 7. Be2 Bg7 8. Be3 0-0 9. 0-0 Bd7 10. Rc1 a6 11. Nb3 Ne5 12. f3 b6 13. Qe1 Rc8 14. Nd2 Rb8 15. Nd5 b5 16. Nxf6+ Bxf6 17. c5 Nc6 18. cxd6 exd6 19. Nb3 Bxb2 20. Rd1 Qe7 21. Qd2 Ba3 22. Nd4 Bc5 23. Kh1 Nxd4 24. Bxd4 Bxd4 25. Qxd4 Be6 26. Bd3 Bxa2 27. Ra1 Qe6 28. f4 Bc4 29. Rxa6 Bxd3 30. Qxd3 Rfd8 31. f5 Qc4 32. Qf3 Ra8 33. Rxa8 Rxa8 34. e5 Ra3 35. Qd1 Rd3 36. Qa1 gxf5 37. exd6 Qd4 38. Qb1 b4 39. d7 b3 40. Qc1 f4 41. Qc8+ Kg7 42. d8Q Qxd8 43. Qg4+ Kh8 44. h3 b2 45. Rb1 Qf6 46. Qe2 Rb3 47. Qc2 Rb6 48. Rf1 Rc6 49. Qb1 Ra6 50. Qc2 Ra1 51. Rb1 Rxb1+ 52. Qxb1 Qc3 0-1

[Event "FRA-ch (Women)"]
[Site "Saint Quentin"]
[Date "2005.06.25"]
[Round "7"]
[White "Lallemand, Roza"]
[Black "Wohlers Armas, Friederike"]
[Result "1-0"]
[WhiteElo "2380"]
[BlackElo "2070"]
[PlyCount "55"]
[EventDate "2005.06.24"]
[EventType "swiss (rapid)"]
[EventRounds "9"]
[EventCountry "FRA"]
[SourceTitle "EXT 2007"]
[Source "ChessBase"]
[SourceDate "2006.11.23"]
[SourceVersion "1"]
[SourceVersionDate "2006.11.23"]
[SourceQuality "1"]

1. e4 c5 2. Nc3 Nc6 3. f4 g6 4. Nf3 Bg7 5. Bb5 d6 6. 0-0 Qb6 7. Nd5 Qd8 8. d3 e6 9. Ne3 Nge7 10. Qe1 0-0 11. Bxc6 bxc6 12. Qh4 h6 13. Ng4 h5 14. Nf6+ Kh8 15. Nxh5 Ng8 16. Qh3 gxh5 17. Qxh5+ Bh6 18. f5 Qf6 19. g4 exf5 20. exf5 Bd7 21. Bd2 d5 22. Nh4 Qd4+ 23. Kh1 f6 24. Bxh6 Nxh6 25. Qxh6+ Kg8 26. Qg6+ Kh8 27. Qh6+ Kg8 28. Ng6 1-0

[Event "FRA-ch (Women)"]
[Site "Saint Quentin"]
[Date "2005.06.24"]
[Round "4"]
[White "Lallemand, Roza"]
[Black "Benard, Anne Laurie"]
[Result "0-1"]
[WhiteElo "2380"]
[BlackElo "2380"]
[PlyCount "107"]
[EventDate "2005.06.24"]
[EventType "swiss (rapid)"]
[EventRounds "9"]
[EventCountry "FRA"]
[SourceTitle "EXT 2007"]
[Source "ChessBase"]
[SourceDate "2006.11.23"]
[SourceVersion "1"]
[SourceVersionDate "2006.11.23"]
[SourceQuality "1"]

1. e4 c5 2. Nf3 g6 3. d4 cxd4 4. Nxd4 Nc6 5. Be2 Bg7 6. Nb3 Nf6 7. Nc3 d6 8. 0-0 Be6 9. Be3 Qc8 10. h3 0-0 11. f4 Rd8 12. Qe1 Nb4 13. Rc1 a5 14. a3 Nxc2 15. Rxc2 Bxb3 16. Rc1 Qe6 17. Bd3 Rdc8 18. Qf2 Bc4 19. f5 Qd7 20. Qe2 Bxd3 21. Qxd3 Rc6 22. Bd4 Rac8 23. Rce1 Rc4 24. Rd1 b5 25. Qf3 b4 26. axb4 axb4 27. Ne2 Qb7 28. Ng3 Rc2 29. Kh1 Qc6 30. Rfe1 Qb7 31. Rf1 Qc6 32. Qf4 Qb5 33. Qf3 h5 34. fxg6 fxg6 35. Ne2 Qxe2 36. Qg3 Qxe4 37. Rfe1 h4 38. Qb3+ Qd5 39. Qxd5+ Nxd5 40. Bxg7 Kxg7 41. Rxd5 Rc1 42. Rxc1 Rxc1+ 43. Kh2 Rc2 44. Rd4 Rxb2 45. Rxh4 b3 46. Rb4 Rb1 47. Kg3 b2 48. Kf2 e5 49. h4 Kf6 50. Kg3 Kf5 51. Rb5 d5 52. Kf2 d4 53. g3 Rh1 54. Rb4 0-1